Industrial electricity (Record no. 65726)

000 -LEADER
fixed length control field 00473nam a22001937a 4500
003 - CONTROL NUMBER IDENTIFIER
control field NUST - PNEC
005 - DATE AND TIME OF LATEST TRANSACTION
control field 20170116180924.0
008 - FIXED-LENGTH DATA ELEMENTS--GENERAL INFORMATION
fixed length control field 150905b xxu||||| |||| 00| 0 eng d
020 ## - INTERNATIONAL STANDARD BOOK NUMBER
International Standard Book Number 0026647303
020 ## - INTERNATIONAL STANDARD BOOK NUMBER
International Standard Book Number 0026647206
020 ## - INTERNATIONAL STANDARD BOOK NUMBER
International Standard Book Number 0026647001
040 ## - CATALOGING SOURCE
Transcribing agency LIBRARY
082 ## - DEWEY DECIMAL CLASSIFICATION NUMBER
Classification number 621.31 MIL
100 ## - MAIN ENTRY--PERSONAL NAME
9 (RLIN) 7954
Personal name Miller, Rex
245 ## - TITLE STATEMENT
Title Industrial electricity
Statement of responsibility, etc. Rex Miller
260 ## - PUBLICATION, DISTRIBUTION, ETC.
Date of publication, distribution, etc. c.1982
650 ## - SUBJECT ADDED ENTRY--TOPICAL TERM
9 (RLIN) 7955
Topical term or geographic name entry element Electrical engineering
General subdivision EE
942 ## - ADDED ENTRY ELEMENTS (KOHA)
Source of classification or shelving scheme
Koha item type Book
Holdings
Withdrawn status Lost status Source of classification or shelving scheme Damaged status Not for loan Permanent Location Current Location Shelving location Date acquired Total Checkouts Full call number Barcode Date last seen Price effective from Koha item type
          Pakistan Navy Engineering College (PNEC) Pakistan Navy Engineering College (PNEC)       621.31 MIL PNECLIB-012148 09/05/2015   Book
© 2023 Central Library, National University of Sciences and Technology. All Rights Reserved.